000 00948nas a2200313 4500
001 BR2011002544
003 BR-BrBNA
005 20231205115521.0
007 ta
008 230509b bl.|||p| |||| 00| 00por d
040 _aBR-BrBNA
_bpor
_cBiblioteca Nacional de Agricultura
041 _a(Pt)
072 _aL01; L10; L74
100 1 _aBertipaglia, E.C.A
100 1 _aSilva, R.G. da
100 1 _aCardoso, V.
100 1 _aFries, L.A.
245 1 _aDesempenho reprodutivo, características do pelame e taxa de suação em vacas da raça Braford
650 _aREPRODUÇÃO ANIMAL
650 _aBOVINO
650 _aGADO DE CORTE
650 _aHEREDITARIEDADE
650 _aPELAME
650 _aTRANSPIRAÇÃO
650 _aHEREDITARIEDADE
773 0 _tRevista Brasileira de Zootecnia (Brazil)
_x1516-3598
_g(Sep 2008), v. 37(8) p. 1573-1583
_wBR2011002544
909 _a202311
_bLúcia
_c55
_dLúcia Elande
942 _2AGRIS
_n0
_cANA
999 _c214204
_d214204